00428nam a2200145 a 450000500170000000800410001702000060005805000180006410000160008224500260009826000350012444000060015999900190016595200980018420140414131901.0100902s19uu xx 00 eng d a  aFICbB14 2001 aBaglio, Ben aDeer in the darkness. aNew York :bScholastic,c2001. a  c110642d110642 001040aMUbMUcFICd2010-09-16l0oFIC B14 2001pM1100r2014-04-14 00:00:00w2014-04-14yBK